[Event "POR-chT"]
[Site "Soure"]
[Date "2025.07.19"]
[Round "8.14"]
[White "Taboas Rodriguez, Daniel"]
[Black "Volokitin, Andrei"]
[Result "0-1"]
[WhiteElo "2347"]
[BlackElo "2623"]
[PlyCount "90"]
[EventDate "2025.07.14"]
[EventType "team-tourn"]
[EventRounds "9"]
[EventCountry "POR"]
[SourceTitle "CB30_2025"]
[SourceDate "2025.07.23"]
[SourceVersion "1"]
[SourceVersionDate "2025.07.23"]
[SourceQuality "1"]
[WhiteTeam "Coimbra"]
[BlackTeam "Gaia"]
[WhiteTeamCountry "POR"]
[BlackTeamCountry "POR"]

1. d4 Nf6 2. Nf3 e6 3. c4 b6 4. Nc3 Bb4 5. Qc2 Bb7 6. a3 Bxc3+ 7. Qxc3 0-0 8. g3 c5 9. dxc5 bxc5 10. Bg2 a5 11. 0-0 d6 12. Rd1 Qc7 13. b3 Nbd7 14. Bb2 Rfb8 15. Rab1 Ra6 16. Ba1 Be4 17. Rb2 Qb7 18. Bf1 Rb6 19. Nd2 Bc6 20. Rdb1 h6 21. e3 Ne5 22. f4 Nf3+ 23. Nxf3 Bxf3 24. Bd3 Be4 25. Qc2 Bxd3 26. Qxd3 Ne4 27. Qc2 Nf6 28. Qg2 Qxg2+ 29. Kxg2 Ne4 30. Kf3 f5 31. h3 Rxb3 32. Rxb3 Rxb3 33. Rxb3 Nd2+ 34. Ke2 Nxb3 35. Bc3 a4 36. g4 g6 37. Kd3 d5 38. Be5 Kf7 39. gxf5 gxf5 40. Bd6 Ke8 41. Kc3 Kd7 42. Bf8 h5 43. Kd3 Kc6 44. Kc3 Na5 45. cxd5+ exd5 0-1

[Event "POR-chT"]
[Site "Soure"]
[Date "2025.07.18"]
[Round "7.6"]
[White "Volokitin, Andrei"]
[Black "Klimkowski, Jan"]
[Result "1/2-1/2"]
[WhiteElo "2623"]
[BlackElo "2511"]
[PlyCount "49"]
[EventDate "2025.07.14"]
[EventType "team-tourn"]
[EventRounds "9"]
[EventCountry "POR"]
[SourceTitle "CB30_2025"]
[SourceDate "2025.07.23"]
[SourceVersion "1"]
[SourceVersionDate "2025.07.23"]
[SourceQuality "1"]
[WhiteTeam "Gaia"]
[BlackTeam "Pontinha"]
[WhiteTeamCountry "POR"]
[BlackTeamCountry "POR"]

1. e4 c5 2. Nf3 e6 3. d4 cxd4 4. Nxd4 Nf6 5. Nc3 Nc6 6. Qd3 Qc7 7. Ndb5 Qb8 8. Qg3 d6 9. Be3 a6 10. Nd4 h5 11. h4 Ng4 12. Nxc6 bxc6 13. Bd2 d5 14. Qxb8 Rxb8 15. f3 Nf6 16. 0-0-0 Bd6 17. Bd3 Nd7 18. Na4 Nc5 19. Nxc5 Bxc5 20. Bf4 Ra8 21. c4 Bb7 22. Kb1 f6 23. cxd5 cxd5 24. exd5 Bxd5 25. Rc1 1/2-1/2

[Event "WchT Blitz Final"]
[Site "London"]
[Date "2025.06.15"]
[Round "1.3"]
[White "Volokitin, Andrei"]
[Black "Le, Tuan Minh"]
[Result "0-1"]
[WhiteElo "2626"]
[BlackElo "2598"]
[PlyCount "78"]
[EventDate "2025.06.15"]
[EventType "team-k.o. (blitz)"]
[EventRounds "4"]
[EventCountry "ENG"]
[SourceTitle "CB25_2025"]
[SourceDate "2025.06.18"]
[SourceVersion "1"]
[SourceVersionDate "2025.06.18"]
[SourceQuality "1"]
[WhiteTeam "Ashdod Elit CC"]
[BlackTeam "Theme Int Trading"]
[WhiteTeamCountry "ISR"]
[BlackTeamCountry "SIN"]

1. e4 e5 2. Nf3 Nc6 3. Bc4 Bc5 4. c3 Nf6 5. d3 d6 6. 0-0 a6 7. a4 Ba7 8. Re1 0-0 9. h3 h6 10. Nbd2 Nh5 11. Nf1 Qf6 12. N1h2 Be6 13. Ng4 Qe7 14. Be3 Nf6 15. Bxe6 fxe6 16. Nxf6+ Qxf6 17. Bxa7 Rxa7 18. b4 Raa8 19. Ra2 Rf7 20. Qb3 Ne7 21. d4 Ng6 22. dxe5 Nxe5 23. Nxe5 Qxe5 24. c4 Raf8 25. Rd2 Rf3 26. Qb2 Qg5 27. Kf1 R3f4 28. Qc3 R4f6 29. Qe3 Qe5 30. Kg1 Rg6 31. c5 dxc5 32. Qxc5 Qf4 33. Qe3 Qe5 34. Qc5 Qf4 35. Qe3 Qh4 36. Red1 Kh7 37. Re2 Qh5 38. Red2 Rf3 39. Qc5 Qxh3 0-1

[Event "WchT Blitz 5-8th"]
[Site "London"]
[Date "2025.06.15"]
[Round "1.1"]
[White "Volokitin, Andrei"]
[Black "Sarana, Alexey"]
[Result "0-1"]
[WhiteElo "2626"]
[BlackElo "2686"]
[PlyCount "76"]
[EventDate "2025.06.15"]
[EventType "team-k.o. (blitz)"]
[EventRounds "2"]
[EventCountry "ENG"]
[SourceTitle "CB25_2025"]
[SourceDate "2025.06.18"]
[SourceVersion "1"]
[SourceVersionDate "2025.06.18"]
[SourceQuality "1"]
[WhiteTeam "Ashdod Elit CC"]
[BlackTeam "Freedom"]
[WhiteTeamCountry "ISR"]
[BlackTeamCountry "IND"]

1. e4 c5 2. Nf3 d6 3. d4 Nf6 4. Nc3 cxd4 5. Nxd4 a6 6. Be3 e5 7. Nb3 Be6 8. Qd2 Nbd7 9. 0-0-0 Be7 10. h3 b5 11. f4 h5 12. Kb1 Qc7 13. f5 Bc4 14. Bxc4 Qxc4 15. Na5 Qc7 16. Nd5 Nxd5 17. exd5 Nf6 18. g4 Rc8 19. g5 Ne4 20. Qb4 Qxc2+ 21. Ka1 Qa4 22. Qe1 Bxg5 23. Nc6 Bxe3 24. Qxe3 Nc5 25. b3 Qf4 26. Qg1 Kf8 27. Qg2 Qe4 28. Qg3 h4 29. Qf2 Qf4 30. Qg2 Qg3 31. Qd2 Ne4 32. Qe2 Nc3 33. Qc2 Nxd1 34. Qxd1 Rh6 35. Qd2 Qf4 36. Qd3 e4 37. Qd4 Qxf5 38. Rc1 Qf6 0-1

[Event "WchT Blitz Pool A"]
[Site "London"]
[Date "2025.06.14"]
[Round "5.2"]
[White "Verbytski, Oleg"]
[Black "Volokitin, Andrei"]
[Result "0-1"]
[WhiteElo "1994"]
[BlackElo "2626"]
[PlyCount "98"]
[EventDate "2025.06.14"]
[EventType "team-tourn"]
[EventRounds "13"]
[EventCountry "ENG"]
[SourceTitle "CB25_2025"]
[SourceDate "2025.06.18"]
[SourceVersion "1"]
[SourceVersionDate "2025.06.18"]
[SourceQuality "1"]
[WhiteTeam "Chess Trust Accelerators"]
[BlackTeam "Ashdod Elit CC"]
[WhiteTeamCountry "ENG"]
[BlackTeamCountry "ISR"]

1. e4 c5 2. Nf3 d6 3. d4 cxd4 4. Nxd4 Nf6 5. Nc3 a6 6. Be2 e5 7. Nb3 Be7 8. Be3 Be6 9. Bf3 Nbd7 10. a4 0-0 11. 0-0 Nb6 12. Nd2 Rc8 13. a5 Nc4 14. Nxc4 Rxc4 15. Re1 Qc8 16. Qd2 Qc6 17. h3 Rc8 18. Nd5 Bd8 19. Nxf6+ Bxf6 20. c3 Bd8 21. Red1 Bc7 22. Qc2 h6 23. Qb3 Rc5 24. Qb4 Rb5 25. Qa3 Rxa5 26. Qb4 Rb5 27. Qa3 Rb3 28. Qa4 Qxa4 29. Rxa4 Rxb2 30. h4 Bb3 31. Rb4 Bxd1 32. Rxb2 Bxf3 33. gxf3 b5 34. Ra2 Ra8 35. f4 a5 36. fxe5 dxe5 37. Bc5 Ra6 38. Rb2 a4 39. Rxb5 a3 40. Rb1 a2 41. Ra1 Bd8 42. Bb4 Bxh4 43. Kf1 Bg5 44. Ke2 Bc1 45. Rxc1 a1Q 46. Rxa1 Rxa1 47. c4 Ra4 48. Bc3 Rxc4 49. Kd3 Rxc3+ 0-1

[Event "WchT Blitz Pool A"]
[Site "London"]
[Date "2025.06.14"]
[Round "2.4"]
[White "Volokitin, Andrei"]
[Black "Duda, Jan Krzysztof"]
[Result "1/2-1/2"]
[WhiteElo "2626"]
[BlackElo "2725"]
[PlyCount "157"]
[EventDate "2025.06.14"]
[EventType "team-tourn"]
[EventRounds "13"]
[EventCountry "ENG"]
[SourceTitle "CB25_2025"]
[SourceDate "2025.06.18"]
[SourceVersion "1"]
[SourceVersionDate "2025.06.18"]
[SourceQuality "1"]
[WhiteTeam "Ashdod Elit CC"]
[BlackTeam "WR Chess"]
[WhiteTeamCountry "ISR"]
[BlackTeamCountry "GER"]

1. e4 e5 2. Nf3 Nc6 3. Bc4 Nf6 4. d3 Bc5 5. c3 d6 6. 0-0 a5 7. Re1 Ba7 8. Na3 0-0 9. h3 h6 10. Nb5 Bb6 11. Be3 Bxe3 12. Rxe3 Na7 13. a4 Nxb5 14. axb5 Bd7 15. d4 Qe7 16. Qb3 b6 17. Nh4 Kh7 18. Rae1 g6 19. Nf3 Kg7 20. Bd5 Nxd5 21. exd5 f6 22. Qc4 Rac8 23. dxe5 fxe5 24. Nd4 Rf7 25. Nc6 Qg5 26. Rg3 Qf4 27. Qxf4 Rxf4 28. Ne7 g5 29. Nxc8 Bxc8 30. b3 Bd7 31. c4 Rd4 32. Rge3 h5 33. R3e2 Rd3 34. Re3 Rd2 35. R1e2 Rd1+ 36. Re1 Rd2 37. Ra1 Rb2 38. f3 Bf5 39. Rae1 Kf6 40. R1e2 Rb1+ 41. Re1 Rb2 42. R1e2 Bc2 43. Kf2 Ra2 44. Rc3 Bb1 45. Rxa2 Bxa2 46. Ke1 Bb1 47. b4 axb4 48. Rb3 Bc2 49. Rxb4 g4 50. hxg4 hxg4 51. Kd2 Bf5 52. Ra4 gxf3 53. gxf3 Ke7 54. Ke3 Kd7 55. f4 exf4+ 56. Kxf4 Bc2 57. Rb4 Kc8 58. Ke3 Kd7 59. Rb2 Bf5 60. Rf2 Bg6 61. Rg2 Bf5 62. Rg7+ Kc8 63. Kd4 Bc2 64. Kc3 Be4 65. Re7 Bf5 66. Rg7 Be4 67. Kd4 Bc2 68. Kc3 Bf5 69. Rg8+ Kd7 70. Rh8 Be4 71. Kd4 Bc2 72. Rg8 Bf5 73. Rg7+ Kd8 74. Kc3 Be4 75. Kd4 Bc2 76. Rg2 Bf5 77. Rf2 Bg6 78. Rg2 Bf5 79. Rf2 1/2-1/2

[Event "WchT Rapid"]
[Site "London"]
[Date "2025.06.13"]
[Round "9.4"]
[White "Saric, Ivan"]
[Black "Volokitin, Andrei"]
[Result "1/2-1/2"]
[WhiteElo "2597"]
[BlackElo "2568"]
[PlyCount "58"]
[EventDate "2025.06.11"]
[EventType "team-swiss"]
[EventRounds "12"]
[EventCountry "ENG"]
[SourceTitle "CB25_2025"]
[SourceDate "2025.06.18"]
[SourceVersion "1"]
[SourceVersionDate "2025.06.18"]
[SourceQuality "1"]
[WhiteTeam "Malcolm's Mates"]
[BlackTeam "Ashdod Elit CC"]
[WhiteTeamCountry "ENG"]
[BlackTeamCountry "ISR"]

1. e4 e5 2. Nf3 Nf6 3. Nxe5 d6 4. Nf3 Nxe4 5. d4 d5 6. Bd3 Bf5 7. 0-0 Be7 8. Nbd2 Nxd2 9. Qxd2 Bxd3 10. Qxd3 0-0 11. Qb5 Nc6 12. Qxb7 Nb4 13. Bf4 Bd6 14. Bxd6 Qxd6 15. Qb5 Nxc2 16. Rac1 Nb4 17. Ne5 f6 18. Nc6 Nxc6 19. Rxc6 Rab8 20. Qa6 Qd7 21. Rc2 c6 22. h3 Rb6 23. Qa4 Qb7 24. Re1 Ra6 25. Re7 Rxa4 26. Rxb7 Rf7 27. Rb8+ Rf8 28. Rb7 Rf7 29. Rb8+ Rf8 1/2-1/2

[Event "EU-ch 25th"]
[Site "Eforie Nord"]
[Date "2025.03.25"]
[Round "10"]
[White "Dudin, Gleb"]
[Black "Volokitin, Andrei"]
[Result "1/2-1/2"]
[WhiteElo "2544"]
[BlackElo "2628"]
[PlyCount "117"]
[EventDate "2025.03.15"]
[EventType "swiss"]
[EventRounds "11"]
[EventCountry "ROU"]
[SourceTitle "CB13_2025"]
[SourceDate "2025.03.26"]
[SourceVersion "1"]
[SourceVersionDate "2025.03.26"]
[SourceQuality "1"]

1. c4 e5 2. g3 Nf6 3. Bg2 d5 4. cxd5 Nxd5 5. Nf3 Nc6 6. 0-0 Nb6 7. Qc2 Be7 8. b3 Nd4 9. Nxd4 exd4 10. Qd3 0-0 11. Na3 c6 12. Nc4 Re8 13. Bb2 Bf6 14. Rae1 Bg4 15. h3 Bh5 16. Be4 Bg6 17. Bxg6 hxg6 18. Ba3 Nxc4 19. bxc4 Qa5 20. Rb1 b6 21. Rb3 Qh5 22. g4 Qe5 23. f4 Qxe2 24. g5 Bd8 25. Qxd4 b5 26. Bb2 f6 27. c5 Be7 28. Re3 Qc4 29. gxf6 Qxd4 30. Bxd4 gxf6 31. Rfe1 Kf7 32. Kf1 Rad8 33. Bc3 Bxc5 34. Rxe8 Rxe8 35. Rxe8 Kxe8 36. Bxf6 Bd6 37. Be5 Bxe5 38. fxe5 c5 39. d4 cxd4 40. Ke2 Kd7 41. Kd3 Ke6 42. Kxd4 g5 43. Kc5 Kxe5 44. Kxb5 Kf4 45. Ka6 Kg3 46. Kxa7 Kxh3 47. a4 g4 48. a5 g3 49. a6 g2 50. Kb7 g1Q 51. a7 Qg7+ 52. Kb8 Qe5+ 53. Kb7 Qb5+ 54. Kc7 Qa6 55. Kb8 Qb6+ 56. Ka8 Qc6+ 57. Kb8 Kg4 58. a8Q Qxa8+ 59. Kxa8 1/2-1/2

[Event "EU-ch 25th"]
[Site "Eforie Nord"]
[Date "2025.03.22"]
[Round "7"]
[White "Volokitin, Andrei"]
[Black "Godena, Michele"]
[Result "1-0"]
[WhiteElo "2628"]
[BlackElo "2439"]
[PlyCount "107"]
[EventDate "2025.03.15"]
[EventType "swiss"]
[EventRounds "11"]
[EventCountry "ROU"]
[SourceTitle "CB13_2025"]
[SourceDate "2025.03.26"]
[SourceVersion "1"]
[SourceVersionDate "2025.03.26"]
[SourceQuality "1"]

1. e4 e5 2. Nf3 Nc6 3. Bb5 a6 4. Ba4 Nf6 5. 0-0 b5 6. Bb3 Bc5 7. a4 Bb7 8. d3 0-0 9. Bg5 h6 10. Bh4 Be7 11. axb5 axb5 12. Rxa8 Bxa8 13. Na3 Bxa3 14. bxa3 d6 15. Qd2 Qe7 16. h3 Bb7 17. Bd5 Nd8 18. Bxb7 Nxb7 19. Rb1 Nc5 20. Rxb5 Ra8 21. Qb4 Ra4 22. Qc3 g5 23. Bg3 Ne6 24. Rb8+ Kh7 25. Qb2 Nd7 26. Rb4 Ra8 27. c3 Ndc5 28. Ne1 c6 29. d4 exd4 30. cxd4 Nxe4 31. Qc2 f5 32. Qxc6 Ra7 33. Qd5 Ng7 34. Nc2 f4 35. Bh2 Nf6 36. Qf3 Rc7 37. Rc4 Rxc4 38. Qd3+ Qe4 39. Qxc4 d5 40. f3 Qxf3 41. gxf3 dxc4 42. a4 Ne6 43. Kf1 Nd5 44. Bg1 Kg6 45. Na3 c3 46. Ke2 c2 47. Kd2 Nc3 48. Kxc2 Nxa4 49. Nc4 g4 50. fxg4 Ng5 51. Kb3 f3 52. Kxa4 Nxh3 53. Ne5+ Kg5 54. Be3+ 1-0

[Event "EU-ch 25th"]
[Site "Eforie Nord"]
[Date "2025.03.19"]
[Round "5"]
[White "Volokitin, Andrei"]
[Black "Aizenberg, Benny"]
[Result "1/2-1/2"]
[WhiteElo "2628"]
[BlackElo "2441"]
[PlyCount "94"]
[EventDate "2025.03.15"]
[EventType "swiss"]
[EventRounds "11"]
[EventCountry "ROU"]
[SourceTitle "CB13_2025"]
[SourceDate "2025.03.26"]
[SourceVersion "1"]
[SourceVersionDate "2025.03.26"]
[SourceQuality "1"]

1. e4 c5 2. Nf3 d6 3. Nc3 Nf6 4. d4 cxd4 5. Nxd4 a6 6. Be3 e5 7. Nb3 Be6 8. f3 h5 9. Nd5 Bxd5 10. exd5 Nbd7 11. Qd2 g6 12. 0-0-0 Nb6 13. Kb1 Nfxd5 14. Bf2 Nf6 15. Bd3 Be7 16. Rhe1 Nbd7 17. c4 Kf8 18. f4 Kg7 19. c5 Nxc5 20. fxe5 Ng4 21. Nxc5 dxc5 22. e6 c4 23. Bxc4 Qxd2 24. Rxd2 Nxf2 25. Rxf2 f5 26. Rd2 Kf6 27. Rd7 b5 28. Bd5 Rab8 29. Rc1 Rhc8 30. Rxc8 Rxc8 31. a3 a5 32. h3 g5 33. Bb3 Rc5 34. Rd5 Rxd5 35. Bxd5 Ke5 36. Bc6 b4 37. axb4 axb4 38. Be8 h4 39. Kc2 Kxe6 40. Kd3 Ke5 41. b3 Kf4 42. Ke2 Kg3 43. Bd7 f4 44. Bc6 g4 45. hxg4 Kxg4 46. Bb7 Kg3 47. Bc6 Bc5 1/2-1/2

[Event "Chessable Masters Play In"]
[Site "Chess.com INT"]
[Date "2025.02.17"]
[Round "3"]
[White "Samadov, Read"]
[Black "Volokitin, Andrei"]
[Result "0-1"]
[WhiteElo "2501"]
[BlackElo "2643"]
[PlyCount "64"]
[EventDate "2025.02.17"]
[EventType "swiss (blitz)"]
[EventRounds "9"]
[EventCountry "USA"]
[SourceTitle "CB08_2025"]
[SourceDate "2025.02.19"]
[SourceVersion "1"]
[SourceVersionDate "2025.02.19"]
[SourceQuality "1"]

1. d4 Nf6 2. c4 e6 3. Nf3 d5 4. Nc3 Bb4 5. Bg5 dxc4 6. e4 h6 7. Bxf6 Qxf6 8. Bxc4 c5 9. 0-0 cxd4 10. e5 Qd8 11. Ne4 0-0 12. Qe2 Be7 13. Rad1 Qa5 14. a3 Rd8 15. b4 Qxa3 16. b5 Qa5 17. g4 Nd7 18. g5 hxg5 19. Nfxg5 Nxe5 20. Qh5 Ng6 21. Nxf7 Kxf7 22. Qf5+ Bf6 23. Bxe6+ Bxe6 24. Ng5+ Ke8 25. Qxe6+ Ne7 26. Qf7+ Kd7 27. Qe6+ Kc7 28. Nf7 Qxb5 29. Rb1 Qd5 30. Rfc1+ Nc6 31. Nxd8 Rxd8 32. Qg4 Qg5 0-1

[Event "Chessable Masters Play In"]
[Site "Chess.com INT"]
[Date "2025.02.17"]
[Round "7"]
[White "Svidler, Peter"]
[Black "Volokitin, Andrei"]
[Result "1-0"]
[WhiteElo "2696"]
[BlackElo "2643"]
[PlyCount "71"]
[EventDate "2025.02.17"]
[EventType "swiss (blitz)"]
[EventRounds "9"]
[EventCountry "USA"]
[SourceTitle "CB08_2025"]
[SourceDate "2025.02.19"]
[SourceVersion "1"]
[SourceVersionDate "2025.02.19"]
[SourceQuality "1"]

1. Nf3 Nf6 2. g3 d5 3. Bg2 c6 4. 0-0 Bf5 5. d3 e6 6. c4 Nbd7 7. cxd5 exd5 8. Nc3 Be7 9. Nd4 Bg6 10. e4 0-0 11. h3 Nc5 12. Re1 dxe4 13. dxe4 Qb6 14. Nf5 Bxf5 15. exf5 Rad8 16. Qc2 Qc7 17. Be3 Nd3 18. Red1 Nb4 19. Qb3 c5 20. Nb5 Qc8 21. Nxa7 Qxf5 22. g4 Qg6 23. Rxd8 Rxd8 24. Rd1 Rxd1+ 25. Qxd1 h5 26. Nc8 Bf8 27. Qd8 Qb1+ 28. Kh2 hxg4 29. Ne7+ Kh7 30. Qxf8 Qxb2 31. Qxf7 Qe5+ 32. Kg1 Qa1+ 33. Bf1 gxh3 34. Qg6+ Kh8 35. Qg3 Nc2 36. Qxh3+ 1-0

[Event "Chessable Masters Play In"]
[Site "Chess.com INT"]
[Date "2025.02.17"]
[Round "8"]
[White "Volokitin, Andrei"]
[Black "Ding, Liren"]
[Result "0-1"]
[WhiteElo "2643"]
[BlackElo "2734"]
[PlyCount "84"]
[EventDate "2025.02.17"]
[EventType "swiss (blitz)"]
[EventRounds "9"]
[EventCountry "USA"]
[SourceTitle "CB08_2025"]
[SourceDate "2025.02.19"]
[SourceVersion "1"]
[SourceVersionDate "2025.02.19"]
[SourceQuality "1"]

1. e4 e6 2. d4 d5 3. e5 c5 4. c3 Nc6 5. Nf3 Bd7 6. Na3 cxd4 7. cxd4 Bxa3 8. bxa3 Qa5+ 9. Qd2 Nge7 10. Rb1 b6 11. Bd3 0-0 12. 0-0 Qxd2 13. Bxd2 Nf5 14. Bc3 f6 15. exf6 gxf6 16. Bxf5 exf5 17. Rfe1 Kf7 18. Nd2 f4 19. f3 Rg8 20. Kf2 Rg5 21. Rg1 Rag8 22. Rbc1 Nd8 23. Bb4 Ne6 24. Bd6 Rh5 25. h3 Rhg5 26. Nb1 Bb5 27. Nd2 Kg6 28. Nb3 Kf5 29. Rc3 R5g7 30. g4+ fxg3+ 31. Rxg3 Rxg3 32. Bxg3 h5 33. h4 Re8 34. Bh2 Nf4 35. Bxf4 Kxf4 36. Nc1 Bc4 37. a4 f5 38. a5 b5 39. a3 a6 40. Rc2 Re3 41. Kg2 Rxf3 42. Ne2+ Kg4 0-1

[Event "Chessable Masters Play In"]
[Site "Chess.com INT"]
[Date "2025.02.17"]
[Round "6"]
[White "Volokitin, Andrei"]
[Black "Theodorou, Nikolas"]
[Result "0-1"]
[WhiteElo "2643"]
[BlackElo "2611"]
[PlyCount "78"]
[EventDate "2025.02.17"]
[EventType "swiss (blitz)"]
[EventRounds "9"]
[EventCountry "USA"]
[SourceTitle "CB08_2025"]
[SourceDate "2025.02.19"]
[SourceVersion "1"]
[SourceVersionDate "2025.02.19"]
[SourceQuality "1"]

1. e4 e6 2. d4 d5 3. Nc3 Bb4 4. e5 c5 5. a3 Bxc3+ 6. bxc3 Nc6 7. Qg4 g6 8. h4 h6 9. h5 g5 10. f4 Qa5 11. Bd2 f5 12. Qg3 g4 13. dxc5 Qxc5 14. a4 Na5 15. Ne2 Bd7 16. Nd4 Nc4 17. Bxc4 dxc4 18. Qh4 Ne7 19. Bc1 Nd5 20. Ba3 Qa5 21. 0-0 Qxc3 22. Rfd1 Rh7 23. Kh1 Rf7 24. Bd6 Ne3 25. Ra3 Nxd1 26. Rxc3 Nxc3 27. a5 Ne4 28. Qe1 b5 29. a6 c3 30. Qb1 g3 31. Nxb5 Bxb5 32. Qxb5+ Rd7 33. Kg1 Rad8 34. Kf1 Kf7 35. Qb4 Rc8 36. Ke2 Rcd8 37. Kf3 Rg8 38. Qb5 Nd2+ 39. Ke2 Rgd8 0-1

[Event "Wch Blitz"]
[Site "New York"]
[Date "2024.12.30"]
[Round "8"]
[White "Hungaski, Robert Andrew"]
[Black "Volokitin, Andrei"]
[Result "1/2-1/2"]
[WhiteElo "2477"]
[BlackElo "2649"]
[PlyCount "128"]
[EventDate "2024.12.30"]
[EventType "swiss (blitz)"]
[EventRounds "13"]
[EventCountry "USA"]
[SourceTitle "CB01_2025"]
[SourceDate "2025.01.01"]
[SourceVersion "1"]
[SourceVersionDate "2025.01.01"]
[SourceQuality "1"]

1. h3 e5 2. e3 d5 3. d4 e4 4. c4 c6 5. Bd2 Nf6 6. Qb3 Bd6 7. Bb4 dxc4 8. Bxc4 b5 9. Bxd6 Qxd6 10. Bf1 Be6 11. Qc2 0-0 12. Ne2 Na6 13. a3 c5 14. dxc5 Nxc5 15. Nd4 a6 16. Nc3 Bd5 17. Be2 Rac8 18. 0-0 Nd3 19. Bxd3 exd3 20. Qd2 Ne4 21. Nxe4 Bxe4 22. Rac1 Bg6 23. Rxc8 Rxc8 24. Rc1 Rxc1+ 25. Qxc1 h6 26. f3 b4 27. Kf2 bxa3 28. bxa3 h5 29. h4 Qh2 30. Qc8+ Kh7 31. Qd8 Qe5 32. e4 Qf4 33. Nb3 Qe5 34. Nd2 Qc3 35. Qg5 Qxa3 36. Qe3 a5 37. Qd4 a4 38. Ke3 Qc1 39. Qxa4 Qe1+ 40. Kxd3 Qxh4 41. Qd4 Qg3 42. Qg1 h4 43. Qh1 f5 44. Ke2 fxe4 45. Nxe4 Bxe4 46. fxe4 Qf4 47. Kd3 g5 48. Qh3 Qd6+ 49. Ke2 Qe5 50. Qg4 Kg6 51. Kd3 Qd6+ 52. Ke2 Qe5 53. Kd3 Qb5+ 54. Kd4 Qb4+ 55. Kd5 Qb5+ 56. Kd4 Kf6 57. Ke3 Qc5+ 58. Kd3 Qd6+ 59. Ke2 Qe5 60. Qf3+ Kg6 61. Qg4 Qd4 62. Qe6+ Kh5 63. Qf7+ Kh6 64. Qf8+ Kg6 1/2-1/2

[Event "Wch Blitz"]
[Site "New York"]
[Date "2024.12.30"]
[Round "4"]
[White "Papasimakopoulos, Alexandros"]
[Black "Volokitin, Andrei"]
[Result "0-1"]
[WhiteElo "2379"]
[BlackElo "2649"]
[PlyCount "62"]
[EventDate "2024.12.30"]
[EventType "swiss (blitz)"]
[EventRounds "13"]
[EventCountry "USA"]
[SourceTitle "CB01_2025"]
[SourceDate "2025.01.01"]
[SourceVersion "1"]
[SourceVersionDate "2025.01.01"]
[SourceQuality "1"]

1. d4 Nf6 2. c4 e6 3. Nc3 Bb4 4. Qb3 c5 5. dxc5 Na6 6. a3 Bxc3+ 7. Qxc3 Nxc5 8. f3 0-0 9. e4 d6 10. Be3 b6 11. Ne2 e5 12. Rd1 Nh5 13. Qd2 f5 14. b4 Ne6 15. Qxd6 Qh4+ 16. Bf2 Qf6 17. exf5 Qxf5 18. Ng3 Qg5 19. h4 Qh6 20. Nxh5 Qxh5 21. Bd3 Nf4 22. g4 Bxg4 23. fxg4 Qxg4 24. Rg1 Qf3 25. Rd2 Rad8 26. Qxe5 Nxd3+ 27. Rxd3 Qxf2+ 28. Kd1 Rxd3+ 29. Kc1 Qxg1+ 30. Kc2 Qd1+ 31. Kb2 Rf2+ 0-1

[Event "Wch Rapid"]
[Site "New York"]
[Date "2024.12.28"]
[Round "13"]
[White "Volokitin, Andrei"]
[Black "Anton Guijarro, David"]
[Result "0-1"]
[WhiteElo "2569"]
[BlackElo "2635"]
[PlyCount "80"]
[EventDate "2024.12.26"]
[EventType "swiss (rapid)"]
[EventRounds "13"]
[EventCountry "USA"]
[SourceTitle "CB01_2025"]
[SourceDate "2025.01.01"]
[SourceVersion "1"]
[SourceVersionDate "2025.01.01"]
[SourceQuality "1"]

1. e4 c6 2. d4 d5 3. e5 Bf5 4. Nf3 e6 5. Be2 Ne7 6. c3 Nd7 7. 0-0 h6 8. Nbd2 g5 9. Re1 Bg6 10. Nf1 c5 11. Ng3 Nc6 12. Bd3 Bxd3 13. Qxd3 g4 14. Nd2 Qb6 15. c4 0-0-0 16. cxd5 exd5 17. Nf5 Nb4 18. Qc3 Qg6 19. Ne3 Nxe5 20. dxc5 Nbd3 21. Nb3 Bg7 22. Qa5 Nxe1 23. Qxe1 d4 24. Nf1 Rhe8 25. Qa5 Nc6 26. Qd2 h5 27. Na5 Bh6 28. Qxh6 Qxh6 29. Bxh6 Nxa5 30. Nd2 Nc6 31. Kf1 Rd5 32. Rc1 Nb4 33. Nc4 Nd3 34. Rd1 Nxc5 35. Bf4 Re6 36. Ne3 Rd7 37. Nf5 Rf6 38. Ne7+ Rxe7 39. Bg5 Rxf2+ 40. Kxf2 Ne4+ 0-1

[Event "Wch Rapid"]
[Site "New York"]
[Date "2024.12.27"]
[Round "6"]
[White "Ghosh, Diptayan"]
[Black "Volokitin, Andrei"]
[Result "1-0"]
[WhiteElo "2455"]
[BlackElo "2569"]
[PlyCount "125"]
[EventDate "2024.12.26"]
[EventType "swiss (rapid)"]
[EventRounds "13"]
[EventCountry "USA"]
[SourceTitle "CB01_2025"]
[SourceDate "2025.01.01"]
[SourceVersion "1"]
[SourceVersionDate "2025.01.01"]
[SourceQuality "1"]

1. d4 Nf6 2. Nf3 d5 3. e3 c5 4. Be2 Nc6 5. 0-0 Bg4 6. h3 Bxf3 7. Bxf3 cxd4 8. exd4 e6 9. c3 Bd6 10. Nd2 b5 11. Be2 Qb6 12. Nf3 0-0 13. Be3 Rab8 14. Bd3 b4 15. c4 dxc4 16. Bxc4 Qa5 17. Rc1 Ne7 18. Re1 Rbc8 19. Bg5 Ned5 20. Ne5 h6 21. Bxf6 Nxf6 22. Nxf7 Rxf7 23. Bxe6 Rcf8 24. Rc6 Bb8 25. Qb3 Qd8 26. Bxf7+ Rxf7 27. Qe6 Nd7 28. Re3 Nf8 29. Qc4 Qd7 30. Rf3 Qe8 31. g3 Qe7 32. Kg2 a5 33. Ra6 Qb7 34. Qxf7+ Qxf7 35. Rxf7 Kxf7 36. Rxa5 Ke6 37. Kf3 Nd7 38. a4 bxa3 39. bxa3 Bc7 40. Rb5 Nb6 41. Ke4 Nc4 42. Rc5 Nd6+ 43. Kd3 Bb6 44. Rc6 Bd8 45. a4 Kd7 46. Rc5 Bb6 47. Re5 Nf7 48. Rb5 Kc6 49. f4 Nd6 50. Re5 Bd8 51. a5 Nf7 52. Rc5+ Kb7 53. Ke4 Ka6 54. Kf5 Bf6 55. Rd5 Nd8 56. g4 Nb7 57. g5 hxg5 58. fxg5 Bd8 59. Kg6 Bxa5 60. Kxg7 Bc3 61. Kf7 Kb6 62. g6 Kc6 63. Ke6 1-0

[Event "Wch Rapid"]
[Site "New York"]
[Date "2024.12.27"]
[Round "9"]
[White "Volokitin, Andrei"]
[Black "Can, Isik"]
[Result "1/2-1/2"]
[WhiteElo "2569"]
[BlackElo "2371"]
[PlyCount "66"]
[EventDate "2024.12.26"]
[EventType "swiss (rapid)"]
[EventRounds "13"]
[EventCountry "USA"]
[SourceTitle "CB01_2025"]
[SourceDate "2025.01.01"]
[SourceVersion "1"]
[SourceVersionDate "2025.01.01"]
[SourceQuality "1"]

1. e4 e5 2. Nf3 Nc6 3. Bc4 Bc5 4. 0-0 Nf6 5. d3 0-0 6. h3 d5 7. exd5 Nxd5 8. a4 Nb6 9. Bb3 a5 10. Nc3 h6 11. Ne4 Bd6 12. Re1 Re8 13. d4 exd4 14. Nxd6 Rxe1+ 15. Qxe1 cxd6 16. Qe4 Qf6 17. Qe8+ Kh7 18. Qxf7 Qxf7 19. Bxf7 d5 20. Bf4 Bf5 21. Bc7 Rf8 22. Bxb6 Rxf7 23. Nxd4 Nxd4 24. Bxd4 Bxc2 25. Rc1 Bxa4 26. Rc5 Bc6 27. Rxa5 Rf4 28. Be5 Re4 29. f4 d4 30. Ra3 Bb5 31. Rb3 d3 32. Bc3 Ba6 33. Rb4 Rxb4 1/2-1/2

[Event "Wch Rapid"]
[Site "New York"]
[Date "2024.12.26"]
[Round "4"]
[White "Firouzja, Alireza"]
[Black "Volokitin, Andrei"]
[Result "1-0"]
[WhiteElo "2756"]
[BlackElo "2569"]
[PlyCount "52"]
[EventDate "2024.12.26"]
[EventType "swiss (rapid)"]
[EventRounds "13"]
[EventCountry "USA"]
[SourceTitle "CB01_2025"]
[SourceDate "2025.01.01"]
[SourceVersion "1"]
[SourceVersionDate "2025.01.01"]
[SourceQuality "1"]

1. e4 c5 2. Nf3 d6 3. d4 cxd4 4. Nxd4 Nf6 5. Nc3 a6 6. f3 e5 7. Nb3 Be7 8. Be3 0-0 9. g4 Be6 10. g5 Nh5 11. Rg1 Nf4 12. h4 h6 13. Bxf4 exf4 14. Nd4 Qb6 15. Qd2 Nc6 16. 0-0-0 Nxd4 17. Qxd4 Qxd4 18. Rxd4 hxg5 19. hxg5 d5 20. Nxd5 Bc5 21. Rh1 f5 22. g6 Rfd8 23. Rd2 Bxd5 24. Rxd5 Be3+ 25. Kb1 fxe4 26. Bc4 Kf8 1-0